| 000 | 00493nam a2200169 i 4500 | ||
|---|---|---|---|
| 001 | 51634 | ||
| 003 | ES-MaACL | ||
| 005 | 20230906162411.0 | ||
| 007 | t| | ||
| 008 | 030814s1950 sp ||||1| spa d | ||
| 100 | 1 |
_aChico Sánchez, Eleuterio. _938491 |
|
| 245 | 1 | 0 |
_aPoesías / _cde Eleuterio Chico Sánchez ; [prólogo de Joaquín Dualde]. |
| 260 |
_aBarcelona : _b[s.n.], _c1950. |
||
| 300 |
_a1 t. ; _c21 cm. |
||
| 700 | 1 |
_aDualde, Joaquín. _945720 |
|
| 852 |
_aES-MaACL _jP-1036 _bR.30454 |
||
| 999 |
_c51634 _d51634 |
||